000 00320nam a2200133Ia 4500
008 220204s9999 xx 000 0 und d
020 _a9788126439362
082 _a82-31
_bMEE
100 _aMEERA, KR
245 0 _aAarachar (Malayalam)
260 _aKottayam
_bDC Books
_c2014
650 _aMalayalam novel
942 _cBK
999 _c43159
_d43159